00697cam a22002054a 4500008004100000020002200041100002200063245009500085260006200180300003500242500002000277504004100297650003700338650004500375700002000420700002400440003000100464005001700465040000900482  a1885693346 (hbk.)1 aBerger, Bonnie G.10aFoundations of exercise psychology /cBonnie G. Berger, David Pargman, Robert S. Weinberg. aMorgantown, WV :bFitness Information Technology,cc2002. axxix, 392 p. :bill. ;c29 cm. aIncludes index. aIncludes bibliographical references. 0aExercisexPsychological aspects. 0aPhysical fitnessxPsychological aspects.1 aPargman, David.1 aWeinberg, Robert S.20230123134222.0 cNUST